[Event "Nalchik WGP 2011"]
[Site "Nalchik RUS"]
[Date "2011.10.09"]
[Round "1"]
[White "Kosintseva, N."]
[Black "Ju Wenjun"]
[Result "0-1"]
[WhiteElo "2560"]
[BlackElo "2536"]
[PlyCount "108"]
[EventDate "2011.10.09"]

1. e4 c5 2. Nf3 d6 3. d4 cxd4 4. Nxd4 Nf6 5. Nc3 a6 6. Bg5 e6 7. f4 Be7 8. Qf3
Qc7 9. O-O-O Nbd7 10. g4 b5 11. Bxf6 Nxf6 12. g5 Nd7 13. f5 O-O 14. fxe6 fxe6
15. Qe3 Qc5 16. h4 Nb6 17. Bh3 Bd7 18. Qg3 Qc4 19. Kb1 e5 20. Bxd7 Nxd7 21. Nd5
Bd8 22. b3 Qc5 23. Ne6 Qf2 24. Qh3 Rf3 25. Qf1 Kf7 26. Qxf2 Rxf2 27. Nxd8+ Rxd8
28. Rhf1 Rxf1 29. Rxf1+ Kg6 30. Ne7+ Kh5 31. Rf7 Nc5 32. Rxg7 Kxh4 33. Nf5+ Kh5
34. Rxh7+ Kxg5 35. Ne3 Kf4 36. Nd5+ Kxe4 37. Ne7 Kf3 38. b4 Ne4 39. Nd5 Nd2+
40. Kb2 Nc4+ 41. Kc3 Rg8 42. Kd3 Rg3 43. Rf7+ Kg4+ 44. Ke2 Ra3 45. Rf8 Rxa2 46.
Kd3 Ra1 47. Nf6+ Kf5 48. Ne4+ Ke6 49. Re8+ Kf7 50. Ra8 Re1 51. Ng5+ Kg6 52.
Rg8+ Kf5 53. c3 Re3+ 54. Kc2 Rg3 0-1

[Event "Nalchik WGP 2011"]
[Site "Nalchik RUS"]
[Date "2011.10.09"]
[Round "1"]
[White "Zhao Xue"]
[Black "Cmilyte, V."]
[Result "1-0"]
[WhiteElo "2497"]
[BlackElo "2525"]
[PlyCount "85"]
[EventDate "2011.10.09"]

1. d4 Nf6 2. c4 g6 3. f3 Nc6 4. d5 Ne5 5. e4 d6 6. Nc3 Bg7 7. f4 Ned7 8. Nh3
O-O 9. Be2 Nc5 10. Nf2 e6 11. Be3 Nfd7 12. O-O f5 13. dxe6 Nxe6 14. exf5 gxf5
15. Qd2 a5 16. Rad1 Qf6 17. Nh1 Ndc5 18. Ng3 Rf7 19. Bh5 Rf8 20. Bf3 Qf7 21.
Nd5 Kh8 22. Qc2 Bh6 23. Bh5 Qg7 24. b3 Rb8 25. Bc1 Nd4 26. Qf2 Nce6 27. Bb2 c5
28. Rfe1 Kg8 29. Kh1 Qd7 30. Ne2 Bg7 31. Nxd4 cxd4 32. Re2 b5 33. Rde1 Qa7 34.
Rxe6 Bxe6 35. Rxe6 bxc4 36. Re7 Rb7 37. Rxg7+ Rxg7 38. Bxd4 Qb7 39. Nf6+ Rxf6
40. Bxf6 Rc7 41. Qg3+ Kf8 42. Qg5 Qc8 43. Bc3 1-0

[Event "Nalchik WGP 2011"]
[Site "Nalchik RUS"]
[Date "2011.10.09"]
[Round "1"]
[White "Munguntuul, B."]
[Black "Kovalevskaya, E."]
[Result "1/2-1/2"]
[WhiteElo "2465"]
[BlackElo "2421"]
[PlyCount "71"]
[EventDate "2011.10.09"]

1. e4 c5 2. Nf3 d6 3. d4 cxd4 4. Nxd4 Nf6 5. Nc3 Nc6 6. Be2 e5 7. Nf3 h6 8. O-O
Be7 9. h3 O-O 10. b3 Be6 11. Bb2 Rc8 12. Re1 Nb8 13. Bf1 a6 14. a4 Qc7 15. Nd2
Rfd8 16. Nc4 Nc6 17. Ne3 Nb4 18. a5 d5 19. exd5 Nfxd5 20. Ncxd5 Nxd5 21. Nxd5
Rxd5 22. Qf3 Bf6 23. Bc4 Rxa5 24. Bxe6 fxe6 25. Qg4 Re8 26. Rxa5 Qxa5 27. Qe4
Rd8 28. Bxe5 Qxe5 29. Qxe5 Bxe5 30. Rxe5 Rd1+ 31. Kh2 Rd2 32. Rxe6 Rxc2 33. Rb6
Rxf2 34. Rxb7 a5 35. b4 axb4 36. Rxb4 1/2-1/2

[Event "Nalchik WGP 2011"]
[Site "Nalchik RUS"]
[Date "2011.10.09"]
[Round "1"]
[White "Lahno, Kateri"]
[Black "Galliamova, A."]
[Result "1/2-1/2"]
[WhiteElo "2554"]
[BlackElo "2498"]
[PlyCount "56"]
[EventDate "2011.10.09"]

1. c4 e5 2. g3 Nc6 3. Nc3 g6 4. Bg2 Bg7 5. Rb1 a5 6. a3 b6 7. b4 axb4 8. axb4
Bb7 9. b5 Na5 10. Bxb7 Nxb7 11. d3 Ne7 12. e4 O-O 13. Nf3 f5 14. O-O Nc5 15.
Ne1 h6 16. Nc2 c6 17. Be3 f4 18. Bxc5 bxc5 19. Qg4 h5 20. Qh3 Rf7 21. Ra1 Rb8
22. f3 fxg3 23. hxg3 Bh6 24. Ra6 Bd2 25. Nb1 Bg5 26. Nc3 Bd2 27. Nb1 Bg5 28.
Nc3 Bd2 1/2-1/2

[Event "Nalchik WGP 2011"]
[Site "Nalchik RUS"]
[Date "2011.10.10"]
[Round "2"]
[White "Kosteniuk, A."]
[Black "Zhao Xue"]
[Result "0-1"]
[WhiteElo "2469"]
[BlackElo "2497"]
[PlyCount "72"]
[EventDate "2011.10.09"]

1. e4 e5 2. Nf3 Nc6 3. Bc4 Nf6 4. d4 exd4 5. e5 d5 6. Bb5 Ne4 7. Nxd4 Bd7 8.
Bxc6 bxc6 9. O-O Bc5 10. f3 Ng5 11. f4 Ne4 12. c3 Bb6 13. Qf3 O-O 14. Nd2 f6
15. exf6 Nxf6 16. f5 c5 17. Ne2 Qe7 18. c4 Bxf5 19. Qxf5 Qxe2 20. Nf3 Rae8 21.
Bg5 Qxc4 22. Bxf6 Rxf6 23. Qd7 Ref8 24. Rae1 Qd3 25. Rd1 Qe3+ 26. Kh1 c6 27.
Rde1 Qd3 28. b3 h6 29. h3 Kh7 30. Kh2 R8f7 31. Qc8 Rxf3 32. gxf3 Qd2+ 33. Kg3
Bc7+ 34. f4 Bxf4+ 35. Kh4 Bg5+ 36. Kg3 Bh4+ 0-1

[Event "Nalchik WGP 2011"]
[Site "Nalchik RUS"]
[Date "2011.10.10"]
[Round "2"]
[White "Kovalevskaya, E."]
[Black "Kosintseva, T."]
[Result "1/2-1/2"]
[WhiteElo "2421"]
[BlackElo "2536"]
[PlyCount "46"]
[EventDate "2011.10.09"]

1. c4 g6 2. g3 Bg7 3. Bg2 c5 4. e3 Nc6 5. Ne2 e6 6. O-O Nge7 7. Nbc3 O-O 8. d4
cxd4 9. exd4 d5 10. cxd5 Nxd5 11. Nxd5 exd5 12. Be3 Bg4 13. Re1 Re8 14. Qd2
Bxe2 15. Rxe2 Nxd4 16. Bxd4 Rxe2 17. Qxe2 Bxd4 18. Rd1 Qf6 19. Bxd5 Rd8 20. Qf3
Qxf3 21. Bxf3 b6 22. b3 Bf6 23. Rxd8+ Bxd8 1/2-1/2

[Event "Nalchik WGP 2011"]
[Site "Nalchik RUS"]
[Date "2011.10.10"]
[Round "2"]
[White "Cmilyte, V."]
[Black "Kosintseva, N."]
[Result "1/2-1/2"]
[WhiteElo "2525"]
[BlackElo "2560"]
[PlyCount "115"]
[EventDate "2011.10.09"]

1. d4 Nf6 2. c4 g6 3. Nc3 Bg7 4. g3 d5 5. cxd5 Nxd5 6. Bg2 Nxc3 7. bxc3 c5 8.
Nf3 Nc6 9. O-O cxd4 10. cxd4 Nxd4 11. Nxd4 Qxd4 12. Rb1 O-O 13. Be3 Qc4 14. Bd5
Qa6 15. Qb3 Qxe2 16. Bc5 Be6 17. Bxe6 Qxe6 18. Qxe6 fxe6 19. Rxb7 Rf5 20. Bxe7
Bd4 21. Ba3 Ra5 22. Bb2 Bxb2 23. Rxb2 Kf7 24. Rc1 Re8 25. h4 Re7 26. Kg2 e5 27.
Rc6 e4 28. Re2 Ra3 29. h5 gxh5 30. Rh6 Re5 31. Rxh7+ Kg6 32. Rh8 Ra6 33. Kh3
Rf6 34. Rg8+ Kf7 35. Rc8 Kg6 36. Kh4 Ref5 37. Rcc2 a5 38. Kh3 Rf3 39. Kg2 Re6
40. Rc5 Rf5 41. Rc4 Rfe5 42. Re3 Kf5 43. Rc8 Re8 44. Rxe8 Rxe8 45. Ra3 Re5 46.
Kh3 Ke6 47. g4 hxg4+ 48. Kxg4 Rf5 49. Kg3 Rg5+ 50. Kf4 Rf5+ 51. Kxe4 Rxf2 52.
Rxa5 Kd7 53. a4 Kc6 54. Rb5 Ra2 55. Rb4 Kc5 56. Rb5+ Kc6 57. Rb4 Kc5 58. Rb5+
1/2-1/2

[Event "Nalchik WGP 2011"]
[Site "Nalchik RUS"]
[Date "2011.10.10"]
[Round "2"]
[White "Munguntuul, B."]
[Black "Lahno, Kateri"]
[Result "1/2-1/2"]
[WhiteElo "2465"]
[BlackElo "2554"]
[PlyCount "72"]
[EventDate "2011.10.09"]

1. e4 c5 2. Nf3 d6 3. d4 cxd4 4. Nxd4 Nf6 5. Nc3 a6 6. Be3 e6 7. Be2 Qc7 8. a4
b6 9. f4 Bb7 10. Bf3 Nbd7 11. Qe2 Be7 12. O-O O-O 13. g4 d5 14. e5 Ne4 15. Nxe4
dxe4 16. Bg2 Nc5 17. b4 Nd7 18. Bd2 Rfd8 19. c3 Nf8 20. Rfb1 f6 21. Bxe4 fxe5
22. fxe5 Ng6 23. Bxb7 Qxb7 24. Nxe6 Rd5 25. Nf4 Rxe5 26. Qc4+ Kh8 27. Nxg6+
hxg6 28. Re1 Rc8 29. Qd3 Qd5 30. Qxg6 Bc5+ 31. bxc5 Qxc5+ 32. Kg2 Qd5+ 33. Kg1
Qc5+ 34. Kg2 Qd5+ 35. Kg1 Qc5+ 36. Kg2 Qd5+ 1/2-1/2

[Event "Nalchik WGP 2011"]
[Site "Nalchik RUS"]
[Date "2011.10.11"]
[Round "3"]
[White "Lahno, Kateri"]
[Black "Kovalevskaya, E."]
[Result "1/2-1/2"]
[WhiteElo "2554"]
[BlackElo "2421"]
[PlyCount "127"]
[EventDate "2011.10.09"]

1. d4 d5 2. c4 e6 3. Nf3 c5 4. cxd5 exd5 5. g3 Nc6 6. Bg2 Nf6 7. O-O Be7 8.
dxc5 Bxc5 9. a3 a5 10. Nc3 O-O 11. Na4 Ba7 12. Bg5 d4 13. Qc1 h6 14. Bh4 Re8
15. Re1 Qd6 16. Bxf6 Qxf6 17. Nc5 Bf5 18. Nxb7 Rab8 19. Nc5 Bxc5 20. Qxc5 Rxb2
21. Rac1 Be4 22. Rcd1 Rc2 23. Qb5 Qe7 24. Nxd4 Nxd4 25. Rxd4 Bxg2 26. Kxg2 Rc5
27. Qd3 Qb7+ 28. Kg1 Qb5 29. Qxb5 Rxb5 30. Kf1 Rb3 31. Rd3 Reb8 32. Red1 g6 33.
Rxb3 Rxb3 34. Rd3 Rb1+ 35. Kg2 Ra1 36. Kf3 g5 37. Ke4 Kg7 38. g4 Re1 39. Re3
Rd1 40. Rc3 Rf1 41. Rf3 a4 42. Kd5 Rb1 43. Kc5 Kg6 44. Re3 Rb3 45. Kd4 Rb2 46.
Kc3 Rb1 47. Rd3 Re1 48. Rd2 Rb1 49. Rb2 Rh1 50. f3 Rxh2 51. Kd3 h5 52. Rb6+ f6
53. gxh5+ Rxh5 54. Ra6 Rh4 55. e4 Rh3 56. Ke2 g4 57. fxg4 Rxa3 58. e5 Rg3 59.
Rxf6+ Kg7 60. Rf4 a3 61. Kf2 a2 62. Ra4 a1=Q 63. Rxa1 Rxg4 64. Rg1 1/2-1/2

[Event "Nalchik WGP 2011"]
[Site "Nalchik RUS"]
[Date "2011.10.11"]
[Round "3"]
[White "Zhao Xue"]
[Black "Galliamova, A."]
[Result "1-0"]
[WhiteElo "2497"]
[BlackElo "2498"]
[PlyCount "79"]
[EventDate "2011.10.09"]

1. d4 d5 2. c4 c6 3. Nc3 Nf6 4. Nf3 e6 5. e3 Nbd7 6. Qc2 b6 7. Bd3 Bb7 8. O-O
Be7 9. Rd1 O-O 10. b3 Rc8 11. Bb2 c5 12. cxd5 exd5 13. dxc5 bxc5 14. Ne2 g6 15.
Qc3 Qb6 16. Rac1 Rfd8 17. Ne5 Nxe5 18. Qxe5 Qe6 19. Qg3 Nh5 20. Qf3 Bf6 21.
Bxf6 Nxf6 22. Qf4 Kg7 23. h3 a5 24. Rd2 Nd7 25. Bb5 Ne5 26. a4 h6 27. h4 Qe7
28. Rcd1 Rd6 29. Qg3 Rcd8 30. Rc1 Rf6 31. Rdc2 Rc8 32. f4 Nd7 33. Bxd7 Qxd7 34.
Rxc5 Rxc5 35. Rxc5 Qe7 36. Rc3 Qb4 37. Qe1 Re6 38. Qd2 Rc6 39. Kf2 Rxc3 40.
Qxc3+ 1-0

[Event "Nalchik WGP 2011"]
[Site "Nalchik RUS"]
[Date "2011.10.11"]
[Round "3"]
[White "Kosintseva, N."]
[Black "Kosteniuk, A."]
[Result "1-0"]
[WhiteElo "2560"]
[BlackElo "2469"]
[PlyCount "95"]
[EventDate "2011.10.09"]

1. e4 e5 2. Nf3 Nf6 3. Nxe5 d6 4. Nf3 Nxe4 5. d4 d5 6. Bd3 Bd6 7. O-O O-O 8. c4
c6 9. Qc2 Na6 10. a3 f5 11. Nc3 Nc7 12. b4 Qe8 13. Bb2 Kh8 14. c5 Be7 15. Ne5
Bf6 16. Ne2 a5 17. f3 axb4 18. axb4 Rxa1 19. Rxa1 Qh5 20. Rf1 Qh6 21. Bc1 Ng5
22. Nf4 g6 23. Re1 Qg7 24. Bf1 Nf7 25. Nfd3 Nd8 26. Nf4 Nf7 27. Bb2 Kg8 28. b5
Nxe5 29. dxe5 Bg5 30. Bc1 Bxf4 31. Bxf4 Ne6 32. Bd2 f4 33. Bb4 Rf5 34. Qa2 Qc7
35. Qb2 b6 36. cxb6 Qxb6+ 37. Qf2 Qxf2+ 38. Kxf2 c5 39. Bxc5 Nxc5 40. Rc1 Bb7
41. Rxc5 Rf8 42. b6 Rc8 43. Rxc8+ Bxc8 44. Ke2 Kf7 45. Kd3 g5 46. Kd4 Ke6 47.
Bd3 h6 48. Bh7 1-0

[Event "Nalchik WGP 2011"]
[Site "Nalchik RUS"]
[Date "2011.10.11"]
[Round "3"]
[White "Kosintseva, T."]
[Black "Ju Wenjun"]
[Result "1/2-1/2"]
[WhiteElo "2536"]
[BlackElo "2536"]
[PlyCount "101"]
[EventDate "2011.10.09"]

1. e4 c5 2. Nf3 d6 3. d4 cxd4 4. Nxd4 Nf6 5. Nc3 a6 6. Bg5 e6 7. f4 Be7 8. Qf3
Qc7 9. O-O-O Nbd7 10. g4 b5 11. Bxf6 Nxf6 12. g5 Nd7 13. f5 O-O 14. Rg1 b4 15.
Nce2 e5 16. f6 exd4 17. fxe7 Re8 18. Nxd4 Ne5 19. Qf4 Rxe7 20. Nf5 Bxf5 21.
exf5 a5 22. Rg2 Rb8 23. Qd4 Rb6 24. Qd5 a4 25. Qa8+ Rb8 26. Qxa4 Nd7 27. Qb3
Nc5 28. Qd5 b3 29. Bc4 bxa2 30. Bxa2 Qb6 31. c3 Ne4 32. Rd4 Nxg5 33. Rb4 Qe3+
34. Qd2 Rxb4 35. Qxe3 Rxe3 36. cxb4 Ne4 37. b5 Kf8 38. Bd5 Nf6 39. Bc6 d5 40.
b4 Ke7 41. b6 Rc3+ 42. Rc2 Rxc2+ 43. Kxc2 Kd6 44. b7 Kc7 45. Kd3 Ng4 46. Bxd5
Nxh2 47. Bxf7 g6 48. fxg6 hxg6 49. Bxg6 Kxb7 50. Bh5 Nf1 51. Ke4 1/2-1/2

[Event "Nalchik WGP 2011"]
[Site "Nalchik RUS"]
[Date "2011.10.12"]
[Round "4"]
[White "Munguntuul, B."]
[Black "Zhao Xue"]
[Result "0-1"]
[WhiteElo "2465"]
[BlackElo "2497"]
[PlyCount "94"]
[EventDate "2011.10.09"]

1. e4 e5 2. Nf3 Nc6 3. Bb5 a6 4. Ba4 Nf6 5. O-O Be7 6. Qe2 b5 7. Bb3 O-O 8. c3
d5 9. d3 Bb7 10. Nbd2 Re8 11. a3 Bf8 12. Re1 h6 13. Ba2 Nb8 14. b4 Nbd7 15. Bb2
c5 16. exd5 Nxd5 17. Ne4 Qb6 18. Qd2 Qg6 19. c4 bxc4 20. dxc4 Nf4 21. Nh4 Qg4
22. f3 Nh3+ 23. Kf1 Qxh4 24. Qxd7 Bxe4 25. Qxh3 Qxh3 26. gxh3 Bxf3 27. b5 e4
28. a4 Re6 29. Bb1 Be7 30. Ra3 Rd8 31. Rxf3 exf3 32. Rxe6 fxe6 33. bxa6 Ra8 34.
Kf2 Rxa6 35. Bc2 Rb6 36. Ba3 Rd6 37. Kxf3 Rd2 38. Be4 Rxh2 39. Bc1 Rxh3+ 40.
Ke2 Rc3 41. Bd2 Rxc4 42. Bc6 Rc2 43. Kd3 Ra2 44. Bc3 Bf6 45. Bxf6 gxf6 46. Kc4
Kf7 47. Kxc5 Ke7 0-1

[Event "Nalchik WGP 2011"]
[Site "Nalchik RUS"]
[Date "2011.10.12"]
[Round "4"]
[White "Cmilyte, V."]
[Black "Kosintseva, T."]
[Result "1-0"]
[WhiteElo "2525"]
[BlackElo "2536"]
[PlyCount "61"]
[EventDate "2011.10.09"]

1. Nf3 Nf6 2. c4 g6 3. g3 Bg7 4. Nc3 c5 5. Bg2 O-O 6. O-O d5 7. cxd5 Nxd5 8.
Nxd5 Qxd5 9. d3 Nc6 10. Be3 Qd6 11. Rc1 Nd4 12. Nxd4 cxd4 13. Bd2 Qb6 14. Qb3
Qd8 15. Rc2 Rb8 16. Rfc1 Bg4 17. Qa3 Qb6 18. h3 Bf5 19. g4 Be6 20. Bf4 Rbe8 21.
Bc7 Qb5 22. Qxa7 h5 23. Qxb7 Qg5 24. Rc5 Qd2 25. Ba5 Qf4 26. Qf3 Qb8 27. b4
hxg4 28. hxg4 Bxa2 29. b5 e5 30. Bc7 Qa7 31. b6 1-0

[Event "Nalchik WGP 2011"]
[Site "Nalchik RUS"]
[Date "2011.10.12"]
[Round "4"]
[White "Kovalevskaya, E."]
[Black "Ju Wenjun"]
[Result "1/2-1/2"]
[WhiteElo "2421"]
[BlackElo "2536"]
[PlyCount "72"]
[EventDate "2011.10.09"]

1. Nf3 Nf6 2. g3 g6 3. Bg2 Bg7 4. O-O O-O 5. d4 d5 6. c4 c6 7. cxd5 cxd5 8. Nc3
Ne4 9. Nxe4 dxe4 10. Ne5 Qd5 11. Be3 Nd7 12. Nxd7 Bxd7 13. f3 exf3 14. Bxf3 Qb5
15. Qb3 Qxb3 16. axb3 Bc6 17. d5 Bb5 18. Rxa7 Rxa7 19. Bxa7 Bxb2 20. Rd1 Rc8
21. Bd4 Rc2 22. Kf2 Kf8 23. d6 exd6 24. Bxb2 Rxb2 25. Rxd6 Rxb3 26. Rb6 Bc4 27.
Rxb3 Bxb3 28. Bxb7 Ke7 29. e3 f5 30. e4 fxe4 31. Bxe4 Ba2 32. h4 Kf6 33. h5
gxh5 34. Bxh7 Kg5 35. Be4 h4 36. gxh4+ Kxh4 1/2-1/2

[Event "Nalchik WGP 2011"]
[Site "Nalchik RUS"]
[Date "2011.10.12"]
[Round "4"]
[White "Galliamova, A."]
[Black "Kosintseva, N."]
[Result "1/2-1/2"]
[WhiteElo "2498"]
[BlackElo "2560"]
[PlyCount "88"]
[EventDate "2011.10.09"]

1. d4 Nf6 2. c4 g6 3. Nc3 Bg7 4. e4 d6 5. Be2 O-O 6. Bg5 c5 7. d5 h6 8. Be3 e6
9. Qd2 exd5 10. exd5 Kh7 11. Nf3 Bf5 12. O-O Ne4 13. Nxe4 Bxe4 14. Rae1 Nd7 15.
h3 b5 16. cxb5 Nb6 17. b4 cxb4 18. Qxb4 Re8 19. Bd4 Nxd5 20. Qd2 Bxd4 21. Nxd4
Nf6 22. Bc4 Qc7 23. Rc1 Qb7 24. Qf4 Kg7 25. f3 Qb6 26. Rfd1 Bd5 27. Kh2 Re5 28.
Bxd5 Nxd5 29. Qd2 Ne3 30. Rc6 Qd8 31. f4 Nxd1 32. fxe5 dxe5 33. Rd6 Qg5 34.
Qxd1 Qf4+ 35. Kh1 exd4 36. Qxd4+ Qxd4 37. Rxd4 Rb8 38. a4 a6 39. bxa6 Rb6 40.
a5 Rxa6 41. Ra4 f5 42. Kg1 Kf6 43. Kf2 Ke5 44. Ke3 g5 1/2-1/2

[Event "Nalchik WGP 2011"]
[Site "Nalchik RUS"]
[Date "2011.10.15"]
[Round "6"]
[White "Kosteniuk, A."]
[Black "Ju Wenjun"]
[Result "1/2-1/2"]
[WhiteElo "2469"]
[BlackElo "2536"]
[PlyCount "159"]
[EventDate "2011.10.09"]

1. e4 c5 2. Nf3 d6 3. d4 cxd4 4. Nxd4 Nf6 5. Nc3 a6 6. Bg5 e6 7. f4 h6 8. Bh4
Qb6 9. Qd2 Qxb2 10. Rb1 Qa3 11. e5 dxe5 12. fxe5 g5 13. exf6 gxh4 14. Be2 Qa5
15. O-O Nd7 16. Kh1 Qg5 17. Rf4 e5 18. Nd5 exd4 19. Qxd4 Kd8 20. Ne7 Qc5 21.
Qd2 Bxe7 22. fxe7+ Qxe7 23. Bg4 Re8 24. Rc4 b6 25. Rd1 a5 26. h3 Ra7 27. Qc3
Ba6 28. Bxd7 Rxd7 29. Rxd7+ Qxd7 30. Rd4 Re6 31. Rxd7+ Kxd7 32. Qd4+ Ke8 33.
Qxh4 Kf8 34. Qd8+ Kg7 35. Qd4+ Kg8 36. Kh2 Bb7 37. g4 Be4 38. c4 Bb7 39. Kg3
Be4 40. c5 bxc5 41. Qd8+ Kg7 42. Qxa5 Bb7 43. Qxc5 Ba6 44. a4 Kg8 45. Qd4 Kh7
46. h4 Kg8 47. Kf4 Kh7 48. a5 Kg8 49. Qd8+ Kg7 50. g5 hxg5+ 51. Qxg5+ Kh7 52.
h5 Rh6 53. Qe7 Kg7 54. Kg5 Re6 55. Qc7 Rh6 56. Qh2 Kh7 57. Qc2+ Kg7 58. Qc5 Re6
59. Qc1 Rh6 60. Kh4 Re6 61. Qg5+ Kh7 62. Kg3 Rh6 63. Kf4 Re6 64. Qd8 Kg7 65.
Qa8 Rh6 66. Qg2+ Kh7 67. Qe4+ Kg7 68. Qe5+ Kh7 69. Qe4+ Kg7 70. Qd4+ Kh7 71.
Kf5 Re6 72. Qb2 Rh6 73. Ke5 Re6+ 74. Kd5 Rh6 75. Qf2 Kg7 76. Qg3+ Kh7 77. Qc3
Re6 78. Qa3 Kg7 79. Qb4 Rh6 80. Ke4 1/2-1/2

[Event "Nalchik WGP 2011"]
[Site "Nalchik RUS"]
[Date "2011.10.15"]
[Round "6"]
[White "Galliamova, A."]
[Black "Kosintseva, T."]
[Result "1/2-1/2"]
[WhiteElo "2498"]
[BlackElo "2536"]
[PlyCount "82"]
[EventDate "2011.10.09"]

1. d4 Nf6 2. c4 e6 3. Nf3 d5 4. Bg5 Bb4+ 5. Nbd2 dxc4 6. Qc2 b5 7. a4 c6 8. g3
Bb7 9. Bg2 Nbd7 10. Ne5 Qc7 11. Nxd7 Nxd7 12. O-O O-O 13. Bf4 Qb6 14. Ne4 c5
15. axb5 cxd4 16. Qxc4 a5 17. Bc7 Bd5 18. Qxb4 axb4 19. Bxb6 Nxb6 20. Nd2 Rab8
21. Rfc1 Rfd8 22. Rc7 h6 23. Nf3 Bxf3 24. Bxf3 Nc8 25. Rc4 Nd6 26. Rxd4 Nxb5
27. Rxb4 Nd4 28. Rxb8 Rxb8 29. Ra2 Nxf3+ 30. exf3 g5 31. Kf1 Kg7 32. Ke2 Rb3
33. h3 Kg6 34. Ra8 Rxb2+ 35. Kf1 Rb1+ 36. Kg2 Rb2 37. Rg8+ Kh7 38. Rf8 Kg7 39.
Rc8 Kg6 40. Rg8+ Kh7 41. Rc8 Kg6 1/2-1/2

[Event "Nalchik WGP 2011"]
[Site "Nalchik RUS"]
[Date "2011.10.15"]
[Round "6"]
[White "Lahno, Kateri"]
[Black "Kosintseva, N."]
[Result "1/2-1/2"]
[WhiteElo "2554"]
[BlackElo "2560"]
[PlyCount "64"]
[EventDate "2011.10.09"]

1. c4 Nf6 2. Nf3 e6 3. g3 d5 4. Bg2 Be7 5. d4 O-O 6. O-O dxc4 7. Qa4 a6 8. Qxc4
b5 9. Qc2 Bb7 10. Bd2 Be4 11. Qc1 Bb7 12. Bf4 Nd5 13. Nc3 Nxf4 14. Qxf4 Bd6 15.
Qe3 Nd7 16. a4 b4 17. Ne4 Qe7 18. Rac1 Bxe4 19. Qxe4 c5 20. a5 Rac8 21. Qd3 Nb8
22. Rfd1 cxd4 23. Rxc8 Rxc8 24. Nxd4 Be5 25. Qd2 Bf6 26. Nb3 g6 27. e3 Kg7 28.
Bf3 Rc7 29. Qe2 Rd7 30. Rc1 Rc7 31. Rd1 Rd7 32. Rc1 Rc7 1/2-1/2